Analisis penggunaan Maf'ul Fih di kalangan pelajar-pelajar Melayu / satu kajian kes /
Saved in:
| 主要作者: | |
|---|---|
| 格式: | Thesis 圖書 |
| 語言: | Malay |
| 出版: |
2003.
|
| 主題: | |
| 在線閱讀: | http://studentsrepo.um.edu.my/id/eprint/672 |
| 標簽: |
添加標簽
沒有標簽, 成為第一個標記此記錄!
|
| LEADER | 01239cam a2200289 a 4500 | ||
|---|---|---|---|
| 001 | u696079 | ||
| 003 | SIRSI | ||
| 008 | 930723s2003 my t 00 10 may m | ||
| 035 | |a ADB-3078 | ||
| 040 | |a UMM |d UMB | ||
| 090 | |a PB12 |b UM 2003 Abqha | ||
| 093 | |a PB12 |b UM 2003 Abqha | ||
| 100 | 0 | 0 | |a Abqari Hisan Abdullah. |
| 245 | 1 | 0 | |a Analisis penggunaan Maf'ul Fih di kalangan pelajar-pelajar Melayu / |b satu kajian kes / |c Abqari Hisan Abdullah. |
| 260 | |c 2003. | ||
| 300 | |a xiv, 161 leaves : |b ill. ; |c 30 cm. | ||
| 502 | |a Dissertation (M.M.L.S.) -- Fakulti Bahasa dan Linguistik, Universiti Malaya, 2004. | ||
| 504 | |a Bibliography: leaves 147-149. | ||
| 650 | 0 | |a Arabic language |x Adverb. | |
| 650 | 0 | |a Arabic language |x Usage | |
| 710 | 2 | 0 | |a Universiti Malaya. |b Fakulti Bahasa dan Linguistik. |
| 856 | |f IARC:A511948119 |z Click Here for Abstract and Table of Contents | ||
| 856 | 4 | 1 | |u http://studentsrepo.um.edu.my/id/eprint/672 |
| 948 | |a 19/05/2004 |b 01/10/2004 | ||
| 596 | |a 1 6 | ||
| 999 | |a PB12 UM 2003 ABQHA |w LC |c 1 |i A511434665 |d 4/12/2012 |e 4/12/2012 |f 12/4/2005 |g 1 |l STACKS |m P01UTAMA |n 2 |r Y |s Y |t TESIS |u 1/4/2005 | ||
| 999 | |a PB12 UM 2003 ABQHA |w LC |c 1 |i A511744624 |d 10/5/2012 |e 10/5/2012 |f 20/4/2005 |g 1 |l STACKS |m P06BAHASA |n 4 |r Y |s Y |t TESIS |u 20/4/2005 | ||
